<?xml version="1.0" encoding="UTF-8"?>
<collection xmlns="http://www.loc.gov/MARC21/slim">
 <record>
  <leader>01384pam a22003978a 4500</leader>
  <controlfield tag="001">00032936</controlfield>
  <controlfield tag="005">20171026081025.0</controlfield>
  <controlfield tag="008">141226s2011                  ||||||viesd</controlfield>
  <datafield tag="041" ind1="0" ind2="#">
   <subfield code="a">vie</subfield>
  </datafield>
  <datafield tag="082" ind1="1" ind2="4">
   <subfield code="a">808.004</subfield>
   <subfield code="b">N207T</subfield>
  </datafield>
  <datafield tag="110" ind1="1" ind2="#">
   <subfield code="a">San Francisco Education Consulting</subfield>
  </datafield>
  <datafield tag="245" ind1="1" ind2="0">
   <subfield code="a">New TOEIC writing coach</subfield>
   <subfield code="c">San Francisco Education Consulting</subfield>
   <subfield code="b">Answer key</subfield>
  </datafield>
  <datafield tag="260" ind1="#" ind2="#">
   <subfield code="a">T.P. Hồ Chí Minh</subfield>
   <subfield code="b">Tổng hợp T.P. Hồ Chí Minh, Công ty TNHH Nhân Trí Việt</subfield>
   <subfield code="c">2011</subfield>
  </datafield>
  <datafield tag="300" ind1="#" ind2="#">
   <subfield code="a">65 tr.</subfield>
   <subfield code="c">28 cm.</subfield>
  </datafield>
  <datafield tag="653" ind1="#" ind2="#">
   <subfield code="a">Anh ngữ thực hành</subfield>
  </datafield>
  <datafield tag="653" ind1="#" ind2="#">
   <subfield code="a">Bài tập</subfield>
  </datafield>
  <datafield tag="653" ind1="#" ind2="#">
   <subfield code="a">Đáp án</subfield>
  </datafield>
  <datafield tag="653" ind1="#" ind2="#">
   <subfield code="a">Tự học</subfield>
  </datafield>
  <datafield tag="653" ind1="#" ind2="#">
   <subfield code="a">Tiếng Anh</subfield>
  </datafield>
  <datafield tag="653" ind1="#" ind2="#">
   <subfield code="a">Kỹ năng viết</subfield>
  </datafield>
  <datafield tag="852" ind1="#" ind2="#">
   <subfield code="j">KGT.0048448</subfield>
   <subfield code="j">KGT.0048449</subfield>
   <subfield code="j">KGT.0048451</subfield>
   <subfield code="j">KGT.0048452</subfield>
   <subfield code="j">KD.0016472</subfield>
   <subfield code="j">KGT.0048446</subfield>
   <subfield code="j">KGT.0048455</subfield>
   <subfield code="j">KGT.0048456</subfield>
   <subfield code="j">KGT.0048447</subfield>
   <subfield code="j">KGT.0048450</subfield>
   <subfield code="j">KGT.0048453</subfield>
   <subfield code="j">KGT.0048454</subfield>
  </datafield>
  <datafield tag="852" ind1="#" ind2="#">
   <subfield code="b">Kho đọc</subfield>
   <subfield code="j">KD.0016472</subfield>
  </datafield>
  <datafield tag="852" ind1="#" ind2="#">
   <subfield code="b">Kho mượn</subfield>
   <subfield code="j">KGT.0048446</subfield>
  </datafield>
  <datafield tag="852" ind1="#" ind2="#">
   <subfield code="b">Kho giáo trình</subfield>
   <subfield code="j">KGT.0048446, KGT.0048447, KGT.0048448, KGT.0048449, KGT.0048450, KGT.0048451, KGT.0048452, KGT.0048453, KGT.0048454, KGT.0048455, KGT.0048456</subfield>
  </datafield>
  <datafield tag="910" ind1="#" ind2="#">
   <subfield code="d">26/12/2014</subfield>
  </datafield>
  <datafield tag="980" ind1="#" ind2="#">
   <subfield code="a">Trung tâm Học liệu Lê Vũ Hùng, Trường Đại học Đồng Tháp</subfield>
  </datafield>
 </record>
</collection>
